000 00938 a2200241 4500
003 OSt
005 20230906133413.0
008 230302s2016 sp a|||f |||| 001 0 spa d
020 _a9788484766872
040 _cCHAP
082 0 0 _222
_a632.950946
_bM38
100 1 _9187906
_aMartínez Ocaña, Almudena
245 1 0 _aUsuario profesional de productos fitosanitarios:
_bnivel básico /
_cpor Almudena Martínez Ocaña y Alberto Moreno Vega
264 1 _aEspaña:
_bMundi Prensa,
_c2016.
300 _a184 páginas:
_bIlustraciones, cuadros, tablas
500 _aContiene preguntas y actividades propuestas
504 _aIncluye índice y bibliografía
650 4 _9187907
_aProductos químicos agrícolas
_xAplicación
_zEspaña
650 4 _9187908
_aProductos químicos agrícolas
_xMedidas de seguridad
_zEspaña
650 4 _9174939
_aPatología vegetal
_x Tratamiento
700 1 _9132657
_aMoreno Vega, Alberto
942 _cLibro
_2ddc
999 _c218480
_d218480